000 00221 a2200097 4500
001 11049
100 _aChoudhary, G. W.
245 _aThe last day of United Pakistan
260 _a
_bC. Hurst & Co
_c
090 _c8614
_d8614
942 _aNUST-CAE
_cM
_c35394
999 _c246122
_d246122